Factions jouables: Empire Total War - Statistiques

Statistiques générales
  • Ce quiz a été pris 59 fois
    58 depuis la dernière actualisation
  • Le résultat moyen est 12 sur 17
Statistiques - réponses
Nation % Correct
France
100%
Royaume-Uni
100%
Russie
98%
Prusse
94%
Autriche
92%
Empire ottoman
92%
Espagne
92%
Suède
90%
Pays-Bas
80%
Etats-Unis
71%
Pologne-Lituanie
71%
Empire marathe
59%
Iroquois
41%
"Nation des plaines"
24%
Hurons-Wendat
20%
Pueblos
18%
Cherokees
16%
Aucun quiz correspondant
Distribution des résultats
% des personnes avec chaque résultat
Percentile par nombre de réponses
Votre historique - résultats
Vous n’avez pas pris ce quiz depuis la dernière actualisation